Fr. Conceicao Rodrigues College of Engineering

Automotive embedded systems Handbook (Record no. 28019)

MARC details
000 -LEADER
fixed length control field 00345nam a2200157Ia 4500
082 ## - DEWEY DECIMAL CLASSIFICATION NUMBER
Classification number 3.3
Item number NAV
100 ## - MAIN ENTRY--PERSONAL NAME
Personal name Navet/Nicolas
245 ## - TITLE STATEMENT
Title Automotive embedded systems Handbook
260 ## - PUBLICATION, DISTRIBUTION, ETC.
Name of publisher, distributor, etc. CRC Press
Date of publication, distribution, etc. 2009
366 ## - TRADE AVAILABILITY INFORMATION
Publishers's discount category 20
546 ## - LANGUAGE NOTE
Language note ENGLISH
-- Info.Tech
650 ## - SUBJECT ADDED ENTRY--TOPICAL TERM
Topical term or geographic name entry element Handbook
654 ## - SUBJECT ADDED ENTRY--FACETED TOPICAL TERMS
Focus term embedded systems
942 ## - ADDED ENTRY ELEMENTS (KOHA)
Koha item type Reference Book
Holdings
Withdrawn status Lost status Damaged status Not for loan Collection Home library Current library Date acquired Source of acquisition Cost, normal purchase price Inventory number Total Checkouts Full call number Barcode Date last seen Cost, replacement price Price effective from Koha item type
        CRC Fr. Agnel's C.Rodrigues College of Engineering Fr. Agnel's C.Rodrigues College of Engineering 17/03/2023 Bombay Books 2400.00 63 dt 09/06/2014   3.3 NAV 23257 17/03/2023 3000.00   Reference Book